000 00683nam a2200241 c 4500
001 a5731500
003 CO-ViMGA
005 20230915234538.0
008 151223s2015 sp | |||| 000 f spa
020 _a9789588850979
040 _aCO-ViMGA
_bspa
_cCO-ViMGA
041 1 _heng
082 0 4 _a813
_bF48m
100 1 _aFitzpatrick, Becca
_4aut
_92311
240 1 0 _aDangerous lies
_lEspañol
245 1 0 _aMentiras peligrosas /
_cBecca Fitzpatrick ; traducción de Gema Moral Bartolom.
250 _a1® ed.
260 _aBarcelona :
_bB de Blok,
_c2015.
300 _a399 p.
_c21 cm.
490 0 _aSin límites
700 1 _aMoral, Gemma
_etraductor
_4trl
_99528
942 _2ddc
_cBK
999 _c37958
_d37958